Just evil enough (Record no. 4997)

MARC details
000 -CABECERA
campo de control de longitud fija 01979nam a22002297a 4500
008 - DATOS DE LONGITUD FIJA--INFORMACIÓN GENERAL
campo de control de longitud fija 251002b |||||||| |||| 00| 0 eng d
020 ## - NÚMERO INTERNACIONAL ESTÁNDAR DEL LIBRO
Número Internacional Estándar del Libro 9781916797666
040 ## - FUENTE DE LA CATALOGACIÓN
Centro/agencia transcriptor tbs
041 ## - CÓDIGO DE LENGUA
Código de lengua del texto/banda sonora o título independiente eng
050 ## - SIGNATURA TOPOGRÁFICA DE LA BIBLIOTECA DEL CONGRESO
Número de clasificación HF5415
100 ## - ENTRADA PRINCIPAL--NOMBRE DE PERSONA
Nombre de persona Croll, Alistair
9 (RLIN) 21612
Término indicativo de función/relación author
245 ## - MENCIÓN DE TÍTULO
Título Just evil enough
Resto del título : the subversive marketing handbook
Mención de responsabilidad, etc. / Alistair Croll, Emily Ross.
260 ## - PUBLICACIÓN, DISTRIBUCIÓN, ETC.
Lugar de publicación, distribución, etc. London :
Nombre del editor, distribuidor, etc. Whitefox Publishing,
Fecha de publicación, distribución, etc. 2025.
300 ## - DESCRIPCIÓN FÍSICA
Extensión 402 pages :
Otras características físicas illustrations (black and white) ;
Dimensiones 24 cm.
520 ## - SUMARIO, ETC.
Sumario, etc. Looking for an advantage in an unfair world? The rules of poker tell you how to play--but not how to win. You win by bluffing, looking for your opponent's tells, remembering cards, and intimidation. So why is it that in business we spend so much time teaching the rules, and so little finding new ways to win? For the last decade, expert in strategic communications Emily Ross and bestselling business author Alistair Croll have studied hundreds of brands, start-ups, leaders, and activists that employed an unfair advantage to conquer their competition. Here they offer an insight into their innovative go-to-market strategy in an attention economy that they call Just Evil Enough. Packed with fascinating case studies that will inspire your inner super villain, Just Evil Enough includes practical frameworks like the Recon Canvas and the Long Funnel, along with eleven fundamental tactics such as Reframing, Bait-and-Switch, and Misappropriation that show up time and again when underdogs challenge the status quo and reinvent their industries. Revealing the secrets and mindset of some of the best subversive marketers in the business, Just Evil Enough is the essential handbook for anyone who wants to cut through the noise and stride ahead in the attention economy.
650 #0 - PUNTO DE ACCESO ADICIONAL DE MATERIA--TÉRMINO DE MATERIA
Término de materia o nombre geográfico como elemento de entrada Marketing
9 (RLIN) 1020
650 #0 - PUNTO DE ACCESO ADICIONAL DE MATERIA--TÉRMINO DE MATERIA
Término de materia o nombre geográfico como elemento de entrada Consumer behavior
9 (RLIN) 997
650 #0 - PUNTO DE ACCESO ADICIONAL DE MATERIA--TÉRMINO DE MATERIA
Término de materia o nombre geográfico como elemento de entrada Product management
9 (RLIN) 2370
650 #0 - PUNTO DE ACCESO ADICIONAL DE MATERIA--TÉRMINO DE MATERIA
Término de materia o nombre geográfico como elemento de entrada Branding (Marketing)
9 (RLIN) 6284
700 ## - ENTRADA AGREGADA--NOMBRE PERSONAL
Nombre de persona Ross, Emily
9 (RLIN) 25980
Término indicativo de función/relación author
942 ## - ELEMENTOS DE ENTRADA AGREGADA (KOHA)
Fuente del sistema de clasificación o colocación Clasificación de Library of Congress
Holdings
Estado de retiro Estado de pérdida Fuente del sistema de clasificación o colocación Estado dañado No para préstamo Biblioteca de origen Biblioteca actual Fecha de adquisición Total de préstamos Signatura topográfica completa Código de barras Fecha visto por última vez Número de copia Precio válido a partir de Tipo de ítem Koha
    Clasificación de Library of Congress     TBS Barcelona TBS Barcelona 02/10/2025   HF5415 CRO B07642 02/10/2025 1 02/10/2025 Book

Powered by Koha